Word Ladder: Relative Expletive Quiz Stats

 Plays Quiz Updated Nov 10, 2015

Score 0/20 Timer 02:00
0 Plays Today
Hint 5-Letter Word % Correct
January or August, e.g.MONTH
96.1%
An opening in your faceMOUTH
95.4%
_____ Python or The Full _____MONTY
95%
Join in matrimonyMARRY
93%
One of the cardinal directionsSOUTH
93%
●To fire a weapon, or a mild expletive●#%SHOOT*$
92.2%
Humor writer Dave or singer ManilowBARRY
89.7%
Michael J. Fox's Back to the Future characterMARTY
89.1%
Mechanical gambling devices, for shortSLOTS
88.5%
Extreme lazinessSLOTH
87.4%
Hint 5-Letter Word % Correct
Emblem worn by a police officerBADGE
85%
Glaswegians and Aberdonians, e.g.SCOTS
84.3%
Father of Jerry Seinfeld (character)MORTY
84%
Sir Walter, Dred, or Willard, e.g.SCOTT
83.5%
What you do on a Razor-brand vehicleSCOOT
81.3%
Freight-carrying boatBARGE
81.3%
Handrail used for ballet practiceBARRE
77.4%
To move slightlyBUDGE
76.8%
Archaic word for 'true'SOOTH
75.4%
●Soft, rich chocolate candy, or a mild expletive●#%FUDGE*$
72.8%

Today's Daily Dose

Missing Word
Fall Out Boy Songs

Word Ladder
Movies of 1999

Get the Picture
Pie Charts II

You're not logged in!

Compare scores with friends on all Sporcle quizzes.
OR
Log In

Show Comments

Extras

Top Quizzes Today


Score Distribution

Your Account Isn't Verified!

In order to create a playlist on Sporcle, you need to verify the email address you used during registration. Go to your Sporcle Settings to finish the process.

Report this User

Report this user for behavior that violates our Community Guidelines.

Details: